00781nam a2200157 i 450000100060000000300090000600700030001500800410001813000320005924503650009126000410045630000280049765000450052570000330057085200200060395508ES-MaACLt|050531s1914 sp ||||1| cat d0 aLlibre del Consolat de Mar.10aLes costums maritimes de Barcelona universalment conegudes per Llibre del Consolat de Mar b: ara de nou publicades en sa forma original, ilustrades ab noticies bibliográafiques, historiques y llingüístiques, ab un apéndix de notes y documents inèdits relatius a la historia del Consolat y de la Lotja de Barcelona / cper Ernest Moliné y Brasés. aBarcelona : bHenrich y Cª, c1914. aXCVI, 380 p. ; c36 cm.14aDerecho marítimo-zCataluña-yS.XIV.1 aMoliné y Brasés, Ernest. aES-MaACLjG-156